00518 2200193 4500001002100000005001500021035002000036007000300056008004100059020002200100082001100122084001700133100001100150245004800161260002800209300004700237650001000284856003000294INLIS00000000000004720230926102046 a0010-0923000035ta230926 0 ind  a978-602-344-300-6 a633.74 a633.74 RUB b0 aRubiyo1 aBudidaya dengan Pengelolaan Tanaman Terpadu aJakarta :bIAARD,c2016 axvi ,; 154 hlm, :billus, ;c15 cm x 21 cm 4akakao aperpustakaan bpsip sumbar